"Hollywood" in Different Places #MovieQCC - Statistics

General Stats
  • This quiz has been taken 24 times
  • The average score is 10 of 49
Answer Stats
Hollywood Place Type Answer % Correct
Chinawood Country China
100%
Hollywood Country/City Los Angeles/United States
96%
Bollywood Country/City Mumbai/India
96%
Dhallywood Country/City Dhaka/Bangladesh
52%
Nollywood Country Nigeria
52%
Zambiwood Country Zambia
52%
Aussiewood/Oziwood Country Australia
48%
Kazakhwood (Proposed) Country Kazakhstan
43%
Ugawood Country Uganda
43%
Dollywood Person Dolly Parton
39%
Cantonwood Metro Area Hong Kong
35%
Zollywood Country Zimbabwe
35%
Riverwood Country Kenya
30%
Hollywood North Country/City/City Vancouver/Toronto/Canada
30%
Aseanwood Economic Alliance ASEAN
22%
Lollywood City Lahore
22%
Swahiliwood/Bongowood Country Tanzania
22%
Wellywood City Wellington
22%
Ghollywood Country Ghana
17%
Kollywood City/City/Country Kathmandu/Chennai/Nepal
17%
Tollywood State/State/State West Bengal/Andhra Pradesh/Telangana
17%
Arabwood Reigonal Orginization Arab League
13%
Bhojiwood State/State/State Bihar/Uttar Pradesh/Jharkhand
13%
Sandalwood State Karnataka
13%
Mollywood State Kerala
13%
Etyekwood Studio/Village/Country Korda/Etyek/Hungary
13%
Pollywood City Punjab
13%
Follywood Country Sri Lanka
13%
Jollywood State Assam
9%
Chhollywood State Chhattisgarh
9%
Dhollywood/Gollywood City Gujarat
9%
Trollywood Municipality Trollhättan
9%
Y'allywood City Atlanta
4%
Somaliwood City Columbus (Somali population in Columbus)
4%
Wakaliwood City Kampala
4%
Kannywood City Kano
4%
Kariwood City Karachi
4%
Tamalewood State New Mexico
4%
Ollywood State Odisha
4%
Pinewood State Buckinghamshire
0%
Olivewood Country Cyprus
0%
Görliwood Town Görlitz
0%
Hollyhammar Town Hallstahammar
0%
Mollywood Religion Mormonism
0%
Chollywood/Choliwood Country Peru
0%
Hillywood Country Rwanda
0%
Coastalwood Reigon Tulu Nadu
0%
Valleywood Reigon Wales
0%
Karewood State Yobe
0%
No matching quizzes found
Score Distribution
Percent of People with Each Score
Percentile by Number Answered
Your Score History
You have not taken this quiz